Normal view
MARC view
- MS-Executive MBA
Entry Topical Term
001 - CONTROL NUMBER
- control field: 127207
003 - CONTROL NUMBER IDENTIFIER
- control field: NUST
005 - DATE AND TIME OF LATEST TRANSACTION
- control field: 20241220095242.0
008 - FIXED-LENGTH DATA ELEMENTS
- fixed length control field: 241220|| aca||aabn | a|a d
040 ## - CATALOGING SOURCE
- Original cataloging agency: NUST
- Transcribing agency: NUST
150 ## - HEADING--TOPICAL TERM
- Topical term or geographic name entry element: MS-Executive MBA
670 ## - SOURCE DATA FOUND
- Source citation: Work cat.: (NUST): Malik, Ahmad 127206, A DETAILED STUDY ON B2B E-COMMERCE AS AN ECONOMIC BOOSTER
